000 00755cab a2200241 4500
001 ABS59898
008 090401t1999 xxu||||| |||| 00| 0 eng d
035 _a(Sirsi) u91132
041 _aeng
100 _aParker, D.
245 _aAre giant tents domed?
260 _c1999
350 _a0
490 _aNew Civil Engineer
_v4 February 1999, 16-19(4)
520 _aDiscusses the history of tensile fabric structures, such as the Millennium Dome, and looks at the problems associated with this type of construction.
650 _aMILLENNIUM DOME
650 _aSTRUCTURAL DESIGN
650 _aTENSILE FABRIC STRUCTURES
650 _aTENSILE STRUCTURES
690 _aBUILT ENVIRONMENT-CONSTRUCTION DESIGN
942 _n0
948 _c05/02/1999
999 _c57830
_d57830